Legislación postal universal : (Registro nro. 11502)
[ vista simple ]
| 000 -LEADER | |
|---|---|
| fixed length control field | 01022nam a2200229Ia 4500 |
| 003 - CONTROL NUMBER IDENTIFIER | |
| control field | OSt |
| 005 - DATE AND TIME OF LATEST TRANSACTION | |
| control field | 20210416152143.0 |
| 008 - FIXED-LENGTH DATA ELEMENTS--GENERAL INFORMATION | |
| fixed length control field | 210310s1939 ar a gr 000 0 spa d |
| 040 ## - CATALOGING SOURCE | |
| Original cataloging agency | CO-JMCR |
| Transcribing agency | CO-JMCR |
| 041 ## - LANGUAGE CODE | |
| Language code of text/sound track or separate title | spa |
| 082 04 - DEWEY DECIMAL CLASSIFICATION NUMBER | |
| Classification number | 383.41 |
| Item number | O329l |
| Edition number | 23 |
| 100 ## - MAIN ENTRY--PERSONAL NAME | |
| Personal name | Zaldua Piedrahita, E. |
| 9 (RLIN) | 25698 |
| 110 2# - MAIN ENTRY--CORPORATE NAME | |
| Corporate name or jurisdiction name as entry element | Oficina Internacional de la Unión Postal Universal. |
| 9 (RLIN) | 36925 |
| 245 10 - TITLE STATEMENT | |
| Title | Legislación postal universal : |
| Remainder of title | XI congreso postal Universal / |
| Statement of responsibility, etc. | Oficina Internacional de la Unión Postal Universal ; traducción y comentarios de las actas por Eduardo Zaldua Piedrahita |
| 260 ## - PUBLICATION, DISTRIBUTION, ETC. | |
| Place of publication, distribution, etc. | Buenos Aires : |
| Name of publisher, distributor, etc. | Stämpfli & Cia, |
| Date of publication, distribution, etc. | 1939. |
| 300 ## - PHYSICAL DESCRIPTION | |
| Extent | 451 páginas : |
| Other physical details | laminas ; |
| Dimensions | 22 cm. |
| 500 ## - GENERAL NOTE | |
| General note | 0 |
| 505 0# - FORMATTED CONTENTS NOTE | |
| Formatted contents note | Convenio postal Universal. -- Protocolo final del convenio. -- Reglamento de ejecución del convenio. -- Disposiciones relativas al transporte de la correspondencia por vía aérea. |
| 650 14 - SUBJECT ADDED ENTRY--TOPICAL TERM | |
| Topical term or geographic name entry element | Convenio postal |
| 9 (RLIN) | 25700 |
| 700 1# - ADDED ENTRY--PERSONAL NAME | |
| Personal name | Zaldua Piedrahita, Eduardo, |
| Relator term | traductor |
| 9 (RLIN) | 36926 |
| 942 ## - ADDED ENTRY ELEMENTS (KOHA) | |
| Source of classification or shelving scheme | Dewey Decimal Classification |
| Koha item type | Books |
| Withdrawn status | Lost status | Source of classification or shelving scheme | Damaged status | Not for loan | Home library | Current library | Shelving location | Date acquired | Source of acquisition | Full call number | Barcode | Date last seen | Copy number | Price effective from | Koha item type |
|---|---|---|---|---|---|---|---|---|---|---|---|---|---|---|---|
| Dewey Decimal Classification | Biblioteca Pública José María del Castillo y Rada | Biblioteca Pública José María del Castillo y Rada | General Stacks | 04/15/2018 | Donación | 383.41 / O329l | 430010997 | 05/16/2024 | Ej.1 | 03/10/2021 | Books |